000 00714pam a2200229 a 4500
001 2051072
005 20180302041330.0
008 930813s1994 ctu b 001 0 eng
010 _a 93023459
020 _a0300058071 (alk. paper)
040 _aDLC
_cDLC
_dDLC
041 _aeng
080 _a305.3 LOR
082 0 0 _a305.3 LOR
_220
100 1 _a50
101 _aSOC
245 1 0 _aParadoxes of gender /
_cJudith Lorber.
504 _aIncludes bibliographical references (p. 335-411) and index.
906 _a7
_bcbc
_corignew
_d1
_eocip
_f19
_gy-gencatlg
942 _2ddc
_cBK
999 _c43958
_d43958